000 00725nam a2200241Ia 4500
003 OSt
005 20221006163807.0
006 a|||||r|||| 00| 0
007 ta
008 221006b |||||||| |||| 00| 0 eng d
024 _a1,947
037 _cTextual
040 _aFML
_cFML
_beng
041 _2eng
_aeng
082 _az2x, G3.1 -.3
100 _aParanjape Vasudev Au.
_9675781
245 0 _aCollected Works of R G Bhandarkar
260 _aPune
_bBhandarkar Orental Research Institute
_c1933
300 _aVarious Page
_ccm.
700 _a Utgikar Narayana Bapuji Au.
_9675782
942 _hz2x, G3.1 -.3
_cTEXL
_2CC
999 _c1115287
_d1115287